000 00588nam a2200181Ia 4500
008 151018s9999 xx 000 0 und d
082 _bRBASDV9784
_a920
100 _aकेशवराव भोळे
245 _aजे आळवते ते
250 _b1
260 _bप्रेस्टीज पब्लिकेशन पुणे
_c1974
300 _a246
600 _aकेशवराव भोळे
630 _aजे आळवते ते
700 _aकेशवराव भोळे
730 _aजे आळवते ते
942 _cBOOK
999 _c1012148
_d1012145